| 000 | 01186cam a2200241 4500 | ||
|---|---|---|---|
| 001 | ABS66652 | ||
| 008 | 030429n2003 000 0 eng u | ||
| 035 | _a(Sirsi) u122117 | ||
| 100 | _aEvans, J. | ||
| 245 | _aBrown's stamp on duty | ||
| 260 | _c2003 | ||
| 490 |
_aEstates Gazette _v(0316) 19 April 2003, 99(1) |
||
| 520 | _aExplains the issues behind government's continued reform of stamp duty. Aiming to 'close loopholes, remove distortions and enhance the industry's contribution to economic growth, development and regeneration', government proposes to bring stamp duty on new leases in line with freehold transfer charges; the lease duty may be replaced with a single 1% charge on the Net Present Value of rental payments. The modernised stamp duty regime will apply from December 2003 with wide exemptions for sales and leases in disadvantaged areas. The industry will be relieved that rates are to be frozen. | ||
| 590 | _aABS | ||
| 650 | _aSTAMP DUTY | ||
| 650 | _aSTAMP DUTY REFORM | ||
| 650 | _aCOMMERCIAL LEASES | ||
| 650 | _aSTAMP DUTY EXEMPTIONS | ||
| 650 | _aPROPERTY-COMMERCIAL PROPERTY | ||
| 690 | _aTAXATION | ||
| 700 | _aRodrigues, M. | ||
| 942 | _n0 | ||
| 999 |
_c72566 _d72566 |
||